| 000 | 00556nam a22001937a 4500 | ||
|---|---|---|---|
| 003 | OSt | ||
| 005 | 20150408114220.0 | ||
| 008 | 140623t 2013xxu||||f |||| 00| 0 eng d | ||
| 020 | _a9780323081375 | ||
| 040 | _aMa-Un | ||
| 082 |
_a616.0757 _bBSW |
||
| 100 |
_aBushong, Stewart C _945853 |
||
| 245 |
_aWorkbook for Radiologic science for technologists / _cStewart C Bushong, Frank Goerner. |
||
| 300 |
_a1 v. : _bill. ; _c28 cm. |
||
| 650 | _aRadiology, Medical. | ||
| 650 | _aMedical physics. | ||
| 700 |
_a Goerner, Frank _945854 |
||
| 942 |
_2ddc _cBOOK |
||
| 999 |
_c35367 _d269867 |
||